| 000 | 00350nam a22001337a 4500 | ||
|---|---|---|---|
| 020 | _a8122417612 | ||
| 082 |
_222 _a530.22 |
||
| 100 | _aSrivastava, S. K. and Yadav, R. A. | ||
| 245 | _aEngineering physics / | ||
| 250 | _a4th. | ||
| 260 |
_aNew Delhi, _bNew Age International, _cc2006. |
||
| 300 |
_axv, 364 p. ; _bill. ; _c24 cm. |
||
| 942 |
_2ddc _cPHY _08 |
||
| 999 |
_c286 _d286 |
||